| 000 | 01289nam0a22003131 4500 | ||
|---|---|---|---|
| 001 | rc\3291346 | ||
| 005 | 20260407122459.0 | ||
| 010 |
_d7 к. _94000 |
||
| 021 |
_aRU _b[73-2215] |
||
| 035 | _a(NLR Aleph) 007496598 | ||
| 090 |
_a7652477 _c7652477 |
||
| 100 | _a20130115d1972 |||y0rusy50 ca | ||
| 101 | 0 | _arus | |
| 102 | _aRU | ||
| 105 | _ay z ||||| | ||
| 200 | 1 |
_aНародные университеты - школа миллионов _e(из опыта работы народных университетов Карагандинской области) _fГ.М. Шестаков, Х. Оразбаев |
|
| 210 |
_aАлма-Ата _d1972 |
||
| 215 |
_a43 с. _d20 |
||
| 225 | 1 |
_a[Знание - народу] _fО-во "Знание" КазССР |
|
| 606 | 1 |
_aНародные университеты _yКарагандинская область (Казахстан) _91746812 _3RU\NLR\AUTH\66782131 |
|
| 700 | 1 |
_aШестаков _bГ.М. _gГеоргий Михайлович |
|
| 701 | 1 |
_aОразбаев _bХ. |
|
| 712 | 0 | 2 |
_4650 _a"Знание", о-во КазССР _cАлма-Ата _3RU\NLR\AUTH\889959125 _9414424 |
| 801 | 0 |
_aRU _bNLR _gpsbo |
|
| 801 | 1 |
_aRU _bELAR _2rusmarc |
|
| 801 | 2 |
_aRU _bNLR _c20170714 _2rusmarc |
|
| 852 |
_aNLR _j72-4/35964 |
||
| 942 | _cBOOK | ||
| 980 | _aNB | ||